Food and Drink in Music - Statistics

General Stats
  • This quiz has been taken 118 times
  • The average score is 10 of 20
Answer Stats
Hint Answer % Correct
American ___ by Don McLean pie
98%
Under The Bridge by Red Hot _____ _______ chili peppers
88%
Wannabe by The _____ Girls spice
82%
Pour Some _____ On Me by Def Leppard sugar
80%
Don't Fear The Reaper by Blue ______ Cult oyster
72%
On The Good Ship _______ by Shirley Temple lollipop
69%
_________ Hill by Fats Domino blueberry
61%
A Taste of _____ by Herb Alpert honey
55%
_________ville by Jimmy Buffett margarita
54%
I Gotta Feeling by _____ ____ ____ black eyed peas
49%
Paradise by the Dashboard Lights by ____ ____ meat loaf
45%
strawberry
36%
____________ In Paradise by Jimmy Buffett cheeseburger
32%
Pulling _______ From the Shell by Squeeze mussels
30%
beer
26%
Mean Mr _______ by The Beatles mustard
26%
Incense and ___________ by __________ Alarm Clock peppermints
22%
One _______. One _____, and One ____ by George Thorogood bourbon
18%
scotch
17%
I Had Too Much To Dream Last Night by The Electric _______ prunes
9%
No matching quizzes found
Score Distribution
Percent of People with Each Score
Percentile by Number Answered
Your Score History
You have not taken this quiz